| 000 | 01012nam a22003257a 4500 | ||
|---|---|---|---|
| 001 | 054 | ||
| 003 | DO-SdBNP | ||
| 005 | 20180220094605.0 | ||
| 007 | 054 | ||
| 008 | 151005b1992 sp a 00| 0 spa d | ||
| 020 | _a8434816121 | ||
| 040 |
_aBPMSU _bspa _cBPMSU |
||
| 092 |
_aXXXX _bXXXX |
||
| 100 | 1 | _aCamus, William | |
| 240 | 1 | 0 |
_aL´or des fous / _f1985 _lfre |
| 245 | 1 | 0 |
_aEl oro de los locos / _b(Pete Breakfast en el Gran Norte) _cWilliam Camus ; ilustración Teo Puebla ; traducción Guillermo Solana ; colección dirigida por Marinella Terzi |
| 250 | _a7a. ed. | ||
| 260 |
_aMadrid : _bEdiciones SM, _c1992. |
||
| 300 |
_a201 p. : _bil. ; _c19 cm. |
||
| 490 | 1 |
_aEl barco de vapor _v24 _6Serie Roja |
|
| 521 | 1 | _aA partir de los 12 años | |
| 700 | 1 | 2 |
_aPuebla, Teo _eil. |
| 700 | 1 | 2 |
_aSolana, Guillermo _etrad. |
| 700 | 1 | 2 |
_aTerzi, Marinella _edir. |
| 830 | 0 |
_aBarco de vapor _n24 _gSerie Roja |
|
| 910 | _a202 | ||
| 942 |
_2ddc _cBK |
||
| 945 | _aInventariado, 2018/ YL | ||
| 956 |
_aYLOCKWARD _b10 _cBPMSU |
||
| 999 |
_c8436 _d8436 |
||